000 00595nam a2200169Ia 4500
008 240729s9999 xx 000 0 und d
245 0 _aInternational Journal for Tourism, Archaeology and Hospitality
260 _aEgypt
260 _bBeni-Suef University, Faculty of Tourism and Hotels
650 _a Archaeology | Technology
650 _a Home economics
650 _a Hospitality industry. Hotels, clubs, restaurants, etc. Food service
650 _aAuxiliary sciences of history
856 _uhttps://doaj.org/toc/1a50af077ec141d5b143d0a6a7648166
942 _2ddc
942 _cDOAJEJ
999 _c68004
_d68004
945 _a1
_bMadushi Gamage
_c1
_dMadushi Gamage